<?xml version="1.0" encoding="UTF-8"?>
<record
    xmlns:xsi="http://www.w3.org/2001/XMLSchema-instance"
    xsi:schemaLocation="http://www.loc.gov/MARC21/slim http://www.loc.gov/standards/marcxml/schema/MARC21slim.xsd"
    xmlns="http://www.loc.gov/MARC21/slim">

  <leader>00361nam a2200133   4500</leader>
  <controlfield tag="001">5910</controlfield>
  <controlfield tag="005">20250409092702.0</controlfield>
  <controlfield tag="008">250409b</controlfield>
  <datafield tag="020" ind1=" " ind2=" ">
    <subfield code="a">99936-638-0-8</subfield>
  </datafield>
  <datafield tag="245" ind1="0" ind2="0">
    <subfield code="a">On The Wings of the Blacked Necked Crane :</subfield>
    <subfield code="b">an anthology of momola's oral stories re-told /</subfield>
  </datafield>
  <datafield tag="260" ind1="0" ind2="0">
    <subfield code="a">Bhutan :</subfield>
    <subfield code="b">Dechen Dolkar,</subfield>
    <subfield code="c">n.d.</subfield>
  </datafield>
  <datafield tag="300" ind1="0" ind2="0">
    <subfield code="a">Pg.68 : ill.</subfield>
  </datafield>
  <datafield tag="942" ind1=" " ind2=" ">
    <subfield code="2">ddc</subfield>
    <subfield code="c">MAIN</subfield>
  </datafield>
  <datafield tag="999" ind1=" " ind2=" ">
    <subfield code="c">10209</subfield>
    <subfield code="d">10210</subfield>
  </datafield>
  <datafield tag="952" ind1=" " ind2=" ">
    <subfield code="0">0</subfield>
    <subfield code="1">0</subfield>
    <subfield code="2">ddc</subfield>
    <subfield code="4">0</subfield>
    <subfield code="7">0</subfield>
    <subfield code="a">RTCLIB</subfield>
    <subfield code="b">RTCLIB</subfield>
    <subfield code="c">MAIN</subfield>
    <subfield code="d">2025-04-09</subfield>
    <subfield code="i">19250</subfield>
    <subfield code="o">398.2095498 DOL</subfield>
    <subfield code="p">30020412</subfield>
    <subfield code="r">2025-04-09 00:00:00</subfield>
    <subfield code="w">2025-04-09</subfield>
    <subfield code="y">MAIN</subfield>
    <subfield code="z">Donated by Dr.Dolma</subfield>
  </datafield>
</record>
